| 000 | 00416pam a2200157 a 4500 | ||
|---|---|---|---|
| 020 | _a0801678048 | ||
| 040 | _cDLC | ||
| 082 | 0 | 0 | _a576 MOS 1995 A084 Or. |
| 100 | 1 | _aAtlas, Ronald M., | |
| 245 | 1 | 0 | _aMicroorganisms in our world / |
| 260 |
_aSt. Louis, MO : _bMosby-Year Book, _cc1995. |
||
| 300 |
_axix, 765 p. : _bcol. ill. ; _c29 cm. |
||
| 650 | 0 | _aMicrobiology. | |
| 650 | 0 | _aMedical microbiology. | |
| 942 | _cEK | ||
| 999 |
_c16019 _d16019 |
||